Úroveň nehodovosti v ČSSR - srovnání se zahraničím

Bibliographic Details
Main Author: Luhan, Cyril (Author)
Format: Article
Language:Czech
PhysicalDescription:Tb. 4., lit. 3 zázn. v češ.
Subjects:

MARC

LEADER 00000nab a2200000 a 4500
001 vtls000349407
003 SK-MaSNL
005 20260303232446.0
008 220422c1988 xo 0 cze
015 |a SNBRA19rr/mm-uuuuu 
035 |a CL0349529 
040 |a SNKBUCL  |b slo  |c SNKBUCL  |e AACR2 
041 0 |a cze 
044 |a xo  |c SK 
080 |a 656.1:614.8  |2 1981 
080 |a 614.8  |2 1981 
100 1 |a Luhan, Cyril  |4 aut  |9 929674 
245 1 0 |a Úroveň nehodovosti v ČSSR - srovnání se zahraničím  |c Cyril Luhan 
300 |b Tb. 4., lit. 3 zázn. v češ. 
650 0 7 |a cestná doprava  |2 snkbucl  |9 1776 
650 0 7 |a nehodovosť dopravná  |2 snkbucl  |9 881071 
655 7 |a články zo zborníkov  |2 snkbucl  |9 166140 
773 0 |t Bezpečnosť v cestnej premávke  |d Žilina : Dom techniky ČSVTS, 1988  |g S. 22-29 
850 |a Slovenská národná knižnica v Martine  |a MTA001 
852 |a SNK  |b KIS3GCP 
958 |a RK 
958 |a ME 
992 |a RZB 
999 |c 2272016  |d 2273946